| 000 | 00981nam a2200277 i 4500 | ||
|---|---|---|---|
| 001 | 16707 | ||
| 003 | ES-MaACL | ||
| 005 | 20250801043711.0 | ||
| 007 | t| | ||
| 008 | 001026s1997 mx ||||1| spa d | ||
| 020 | _a968-16-4178-7 | ||
| 080 | _a159.954 | ||
| 080 | _a551.51(0:82) | ||
| 100 | 1 |
_aBachelard, Gaston. _924466 |
|
| 245 | 1 | 3 |
_aEl aire y los sueños _b: ensayo sobre la imaginación del movimiento / _cpor Gaston Bachelard ; [traducción de Ernestina de Champourcin]. |
| 250 | _a1ª ed. en español, 7ª reimp. | ||
| 260 |
_aMéxico : _bFondo de Cultura Económica, _c1997. |
||
| 300 |
_a327 p. ; _c17 cm. |
||
| 490 | 1 |
_aBreviarios del Fondo de Cultura Económica ; _v139 |
|
| 650 | 1 | 4 |
_aImaginación. _913598 |
| 650 | 4 |
_aAire- _xEn la literatura. _99706 |
|
| 700 | 1 |
_aChampourcin, Ernestina de, _d1905-1999 _937933 |
|
| 830 | 1 |
_aBreviarios del Fondo de Cultura Económica ; _v139 _9179682 |
|
| 852 |
_aES-MaACL _jL-23764 |
||
| 999 |
_c16707 _d16707 |
||